1561 1600 1127 1056 1723 1344 1645 1368 1312 1934 1353 1966 1258 1128 1185 1367 1871 1294 1281 1279 1666 1470 1580 1395 1949 1088 1495 1816 1762 1742 1707 1694 1076 1574 1339 1362 1477 1315 1670 1950 1038 1920 1092 1286 1679 1802 1138 1962 1484 1573 1389 1828 1768 1924 1853 1055 1912 1424 1711 1858 1740 1775 1154 1093 1272 1461 1602 1529 1432 1807 1326 1174 1839 1242 1309 1940 1759 1927 1451 1551 1686 1385 1301 1658 1366 1016 1327 1931 1790 1715 1272 1148 1368 1944 1095 1543 1506 1069 1842 BCNSPRNW ULIB Ver.6.0+V

เปลี่ยนเป็นภาษาไทย

Change to English
 แสดงรายละเอียดบรรณานุกรม
  กลับหน้าหลัก

Brief Record : Get Marc (ISO 2709) : E-mail record : QR code < ปิดหน้าต่าง
LEADER : 00000nam 2200000uu 4500
001    13399126467
003     ULIB
008    180918s2560||||th 000 0 tha d
020    ^a9786160437825
050 ^a ^aLC94.T5 ^bย626ฝ
100 ^a ^aยะมะซะกิ, อะกะชิ
245 ^a ^aฝึกพูดนำเสนอ / ^cAkashi Yamazaki, เขียน ; อังคณา รัตนจันทร์, แปล
250 ^a ^aพิมพ์ครั้งที่ 1
260 ^a ^aกรุงเทพฯ : ^bนานมีบุ๊คส์, ^c2560
300 ^a ^a132 หน้า : ^bภาพประกอบ
440 ^a ^aทักษะการทำงาน ฝึกได้ตั้งแต่วัยเรียน
650 ^a ^aการพูด
700 ^a อังคณา รัตนจันทร์, ^eผู้แปล
945    ^p245^l0^i26682
999    ^aกัณชพร จุลอักษร
รายการนี้ยังไม่มีแท็ก
คุณยังไม่ได้ล็อกอิน คุณสามารถมีกิจกรรมร่วมกับเว็บไซต์ได้ แต่ต้องล็อกอินก่อน ::
  ล็อกอิน

รายการสื่อสารสนเทศ

ลำดับที่ ประเภท เลขเรียก/บาร์โค้ด สถานที่ สถานะ
1. วิทยาศาสตร์การแพทย์ และสุขภาพ
วิทยาศาสตร์การแพทย์ และสุขภาพ
LC94.T5 ย626ฝ ฉ.1 
  Barcode: 26682
ห้องสมุดวิทยาเขตนครสวรรค์
►หนังสือทั่วไป:l:General Books
บนชั้น

รายการใกล้เคียง
    ผู้แต่ง [ยะมะซะกิ, อะกะชิ]

    หัวเรื่อง [การพูด]

BibComment


ยังไม่เคยถูกคอมเมนท์

คอมเมนท์ทรัพยากรรายการนี้
  คอมเมนท์: ฝึกพูดนำเสนอ A..


 Copyright 2026. Bcnsprnw @Library